000 00516nam a22001817a 4500
999 _c164585
_d164585
005 20190523113210.0
010 _aB-042199
020 _a1582790787
_c00.00
035 _aB-042199
037 _bDBAD/PUB
082 _aN
100 _aDickens, Charles
245 _aA Tale of Two Cities/
_cCharles Dickens
260 _aAmerica
_bTrident press International
_c2000
300 _aiv,358p.
_c23cm.(Hbk)
942 _2ddc
_cEN
_hN
_mDIC